Sports Quiz

Random Sports or NCAA Quiz
Score 0/25 Timer 10:00
0 Plays Today
Ranking Team % Correct
4Duke
100%
2Gonzaga
66.7%
3Louisville
66.7%
5Ohio St
66.7%
6Kentucky
66.7%
7Maryland
66.7%
9Virginia
66.7%
10Baylor
66.7%
13Dayton
66.7%
14Michigan
66.7%
15Michigan St
66.7%
16Arizona
66.7%
17Butler
66.7%
Ranking Team % Correct
19Florida St
66.7%
20San Diego St
66.7%
22Washington
66.7%
23Penn St
66.7%
25West Virginia
66.7%
1Kansas
33.3%
8Oregon
33.3%
11Memphis
33.3%
12Auburn
33.3%
18Villanova
33.3%
21Tennessee
33.3%
24Texas Tech
33.3%
Remove Ads.
Support Sporcle.
Get the best of Sporcle when you Go Orange. This ad-free experience offers more features, more stats, and more fun while also helping to support Sporcle. Thank you for becoming a member.

You're not logged in!

Compare scores with friends on all Sporcle quizzes.
OR
Log In

Sporcle TV

Today on Sporcle TV


Watch our educational content, quiz creation guides, and fun videos on Sporcle TV.

Show Comments

Extras

Top Quizzes Today


Score Distribution

Paid Content

Your Account Isn't Verified!

In order to create a playlist on Sporcle, you need to verify the email address you used during registration. Go to your Sporcle Settings to finish the process.

Report this User

Report this user for behavior that violates our Community Guidelines.

Details: